000 00602nam a2200181Ia 4500
003 GCL
008 140319s9999 xx 000 0 ara d
040 _aGCL /
_cGCL
082 0 4 _a301.01
_bع ن
100 1 _aعبدالوهاب ابراهيم
245 1 0 _aنشأه علم الاجتماع وتطورة من التفكير الاجماعى الى النظرية الاجتماعية /
_cعبدالوهاب ابراهيم
260 _a[S.N] :
_bدار النهضة العربية ،
_c1988
300 _a2
490 _a
650 0 4 _aالعلم
650 0 4 _aالاجتماع
942 _2ddc
_cBK
999 _c31524
_d31524